Zahraničný obchod a jeho význam ako faktora konkurencieschopnosti v podmienkach ekonomiky SR bakalárska práca
Enregistré dans:
| Auteur principal: | |
|---|---|
| Collectivité auteur: | |
| Autres auteurs: | |
| Format: | Livre |
| Langue: | slovaque |
| Publié: |
Bratislava
2012
|
| Tags: |
Pas de tags, Soyez le premier à ajouter un tag!
|
MARC
| LEADER | 00000nbm a2200000 4500 | ||
|---|---|---|---|
| 001 | 0156005 | ||
| 005 | 20161109111931.6 | ||
| 041 | 0 | |a slo | |
| 044 | |a SK | ||
| 245 | 1 | 0 | |a Zahraničný obchod a jeho význam ako faktora konkurencieschopnosti v podmienkach ekonomiky SR |b bakalárska práca |c Dominika Valachová ; školiteľ: Mária Tokárová |
| 264 | 1 | |a Bratislava |c 2012 | |
| 300 | |a 64 s. | ||
| 100 | 1 | |a Valachová, Dominika | |
| 700 | 1 | |a Tokárová, Mária | |
| 710 | 2 | |a Národohospodárska fakulta EU. Katedra hospodárskej politiky | |